[Event "Tabor op"]
[Site "Tabor"]
[Date "2010.08.03"]
[Round "4"]
[White "Bartos, Alois"]
[Black "Riha, Martin"]
[Result "1-0"]
[WhiteElo "2094"]
[BlackElo "1989"]
[PlyCount "95"]
[EventDate "2010.08.01"]
[EventType "swiss"]
[EventRounds "9"]
[EventCountry "CZE"]
[SourceTitle "EXT 2012"]
[Source "ChessBase"]
[SourceDate "2011.11.24"]
[SourceVersion "1"]
[SourceVersionDate "2011.11.24"]
[SourceQuality "1"]

1. e4 d5 2. exd5 Qxd5 3. Nc3 Qa5 4. d4 Nf6 5. g3 c6 6. Bg2 Bg4 7. Nge2 e6 8. 0-0 Bd6 9. Ne4 Nxe4 10. Bxe4 Nd7 11. Bg2 h5 12. h3 Bf5 13. c4 Nf6 14. Bf4 Rd8 15. Qb3 Qc7 16. Bg5 Rd7 17. Bxf6 gxf6 18. d5 c5 19. Rad1 h4 20. g4 Bg6 21. f4 f5 22. Qe3 Re7 23. dxe6 Rxe6 24. Qd2 0-0 25. Nc3 a6 26. Nd5 Qd8 27. g5 Be7 28. Qf2 Qa5 29. a3 Kg7 30. Qxh4 Rh8 31. Qf2 f6 32. Rde1 Rxe1 33. Rxe1 Bd8 34. gxf6+ Bxf6 35. Nxf6 Kxf6 36. b4 Qxa3 37. Qxc5 Re8 38. Qd6+ Kg7 39. Rxe8 Bxe8 40. Qe5+ Kf8 41. Qxf5+ Ke7 42. Qe5+ Kf8 43. Qd6+ Kg7 44. Kh2 Qb3 45. Bxb7 Qc2+ 46. Bg2 Qxc4 47. Qe5+ Kf8 48. Qc5+ 1-0

[Event "Tabor op"]
[Site "Tabor"]
[Date "2010.08.02"]
[Round "3"]
[White "Riha, Martin"]
[Black "Kalod, Michal2222"]
[Result "1/2-1/2"]
[WhiteElo "1989"]
[BlackElo "1808"]
[PlyCount "50"]
[EventDate "2010.08.01"]
[EventType "swiss"]
[EventRounds "9"]
[EventCountry "CZE"]
[SourceTitle "EXT 2012"]
[Source "ChessBase"]
[SourceDate "2011.11.24"]
[SourceVersion "1"]
[SourceVersionDate "2011.11.24"]
[SourceQuality "1"]

1. e4 c5 2. Nf3 d6 3. d4 Nf6 4. Nc3 cxd4 5. Nxd4 a6 6. Be2 e6 7. 0-0 Qc7 8. Be3 b5 9. a3 Bb7 10. f3 Nbd7 11. a4 b4 12. Na2 d5 13. Qd2 Bd6 14. h3 dxe4 15. f4 Nd5 16. c3 bxc3 17. Nxc3 N7f6 18. Rac1 Qb8 19. Nxd5 Nxd5 20. Nc6 Bxc6 21. Rxc6 0-0 22. Bxa6 Rd8 23. Bb5 Bc7 24. Qc1 h6 25. Kh1 Bd6 1/2-1/2

[Event "Tabor op"]
[Site "Tabor"]
[Date "2008.08.01"]
[Round "7"]
[White "Snyta, Zdenek"]
[Black "Riha, Martin"]
[Result "1-0"]
[WhiteElo "2121"]
[BlackElo "1986"]
[PlyCount "59"]
[EventDate "2008.07.26"]
[EventType "swiss"]
[EventRounds "9"]
[EventCountry "CZE"]
[SourceTitle "CBM 125 Extra"]
[Source "ChessBase"]
[SourceDate "2008.09.01"]
[SourceVersion "1"]
[SourceVersionDate "2008.09.01"]
[SourceQuality "1"]

1. e4 d5 2. exd5 Nf6 3. Bb5+ Bd7 4. Be2 Bf5 5. Bb5+ Bd7 6. Be2 Bf5 7. d4 Nxd5 8. a3 e6 9. c4 Nb6 10. Nf3 Be7 11. Nc3 0-0 12. h3 c5 13. 0-0 Nc6 14. dxc5 Qxd1 15. Rxd1 Bxc5 16. b4 Be7 17. Be3 Bf6 18. Rac1 Bxc3 19. Rxc3 Na4 20. Rcc1 Rfd8 21. Rxd8+ Nxd8 22. Nd4 Be4 23. f3 Bg6 24. c5 e5 25. Nb5 a6 26. Nd6 Kf8 27. g4 f6 28. Nc4 Ne6 29. Bd1 Be8 30. Bxa4 1-0